Strenae (Record no. 148472)

MARC details
000 -LEADER
campo de control de longitud fija 00833nam a2200193 4500
001 - NÚMERO DE CONTROL
campo de control 148472
003 - IDENTIFICADOR DE NÚMERO DE CONTROL
campo de control ES-MaACL
005 - FECHA Y HORA DE LA ÚLTIMA TRANSACCIÓN
campo de control 20250918211514.0
007 - CAMPO FIJO DE DESCRIPCIÓN FÍSICA--INFORMACIÓN GENERAL
campo de control de longitud fija t|
008 - DATOS DE LONGITUD FIJA--INFORMACIÓN GENERAL
campo de control de longitud fija 070214s1962 sp r ||||1| spa d
245 00 - MENCIÓN DEL TÍTULO
Título Strenae
Resto del título : estudios de Filología e Historia dedicados al profesor Manuel García Blanco.
260 ## - PUBLICACIÓN, DISTRIBUCIÓN, ETC.
Lugar de publicación, distribución, etc. Salamanca :
Nombre del editor, distribuidor, etc. Universidad de Salamanca, Secretariado de Publicaciones e Intercambio Científico,
Fecha de publicación, distribución, etc. 1962 (
Lugar de fabricación/manufactura Madrid :
Fabricante Imp. Raycar)
300 ## - DESCRIPCIÓN FÍSICA
Extensión 490 p. :
Otras características físicas il. = retr. homenajeado ;
Dimensiones 25 cm.
500 ## - NOTA GENERAL
Nota general Separata de: `Acta Salmanticensia . Filosofía y Letras`, t. XVI.
700 1# - ENTRADA AGREGADA--NOMBRE PERSONAL
Nombre de persona García Blanco, Manuel,
Fechas asociadas al nombre 1902-1966
9 (RLIN) 54272
710 2# - ENTRADA AGREGADA--NOMBRE DE ENTIDAD CORPORATIVA
Nombre de entidad corporativa o nombre de jurisdicción como elemento de entrada Universidad de Salamanca.
Unidad subordinada Secretariado de Publicaciones e Intercambio Científico.
9 (RLIN) 7289
852 ## - LOCALIZACIÓN
Ubicación ES-MaACL
Número de control de estantería C-23448
Sublocalización o colección R.50524
Holdings
Estatus retirado Estado de pérdida Estado de daño No para préstamo Biblioteca de origen Biblioteca actual Ubicación en estantería Fecha de adquisición Fuente de adquisición Total de préstamos Signatura topográfica completa Código de barras Visto por última vez Precio de reemplazo Tipo de ítem Koha
        Biblioteca del Ateneo de Madrid Biblioteca del Ateneo de Madrid Depósito 2 17/01/2008     C-23448 1154945 23/02/2023 23/02/2023 Libro impreso